Bekannte Persönlichkeiten aus Thüringen - Statistiken

Allgemein
  • Dieses Quiz wurde 90 mal gespielt
  • Das Durchschnittsergebnis liegt bei 6 aus 20
Antwortstatistiken
Geburtsjahr Geburtsort Hinweis Person % Korrekt
1685 Eisenach Komponist des Barocks Johann Sebastian Bach
78%
1816 Weimar Mechaniker und Unternehmer, gründete eine nach ihm benannte Firma, Namensgeber eines Jenaer Fußballvereins Carl Zeiß
76%
1980 Erfurt Sänger ("Zusammen" (mit Fanta4), "Cello" (mit Udo Lindenberg), "Gewinner") Clueso
56%
1977 Jena ehemaliger Fußballtorwart (Hannover 96, 8-facher Nationalspieler), † 2009 Robert Enke
47%
1979 Erfurt Sängerin ("Für dich", "Du hast mein Herz gebrochen") und Schauspielerin (GZSZ, Wolfsland) Yvonne Catterfeld
42%
1964 Gera ehemalige Leichtathletin, Olympiasiegerin, Welt- und Europameisterin im Weitsprung Heike Drechsler
41%
1976 Schmalkaden ehemalige Biathletin, mehrfache Olympiasiegerin und Weltmeisterin Kati Wilhelm
39%
1977 Ilmenau ehemalige Biathletin, mehrfache Olympiasiegerin und Weltmeisterin Andrea Henkel
33%
1940 Nordhausen Politiker, erster demokratisch gewählter und zugleich letzter Ministerpräsident der DDR Lothar de Maizière
33%
1742 Eisenach Hofdame, bekannt durch ihre enge Verbindung zu Goethe und Schiller Charlotte von Stein
20%
1974 Erfurt Moderator (ehemals DSDS, Das Supertalent, hallo Deutschland) Marco Schreyl
20%
1891 Untermhaus (Gera) deutscher Maler und Grafiker, Vertreter der Neuen Sachlichkeit Otto Dix
16%
1864 Erfurt Soziologe, Mitbegründer der deutschsprachigen Soziologie Max Weber
13%
1938 Nordhausen Autor, Schöpfer der Jugendbuchreihe TKKG Rolf Kalmuczak (Stefan Wolf)
13%
1962 Weimar Schriftstellerin ("Vielen Dank für das Leben", "Ein paar Leute suchen das Glück und lachen sich tot ") Sibylle Berg
10%
1780 Goldlauter (Suhl) schrieb den Text zu O Tannenbaum Ernst Anschütz
9%
1806 Mühlhausen Ingenieur, Konstrukteur der Brooklyn Bridge John August Roebling
9%
1889 Gotha Künstlerin des Dadaismus Hannah Höch
8%
1638 Schmalkaden Professor, teilte die Geschichtswissenschaft in Alte, Mittelalterliche und Neue Geschichte ein Christoph Cellarius
5%
1897 Jena Schriftsteller, Autor von Die rote Zora und ihre Bande Kurt Held
5%
Keine übereinstimmenden Quizze gefunden
Verteilung der Resultate
Anzahl Personen mit jedem Resultat
Perzentil nach korrekt beantworteten Fragen
Ihre Resultats-Entwicklung
Sie haben dieses Quiz noch nicht gespielt